|
|
|
|
| LEADER |
00000nam0a2200000 4500 |
| 001 |
371593 |
| 005 |
20231102012408.0 |
| 035 |
|
|
|a (RuTPU)RU\TPU\retro\29003
|
| 090 |
|
|
|a 371593
|
| 100 |
|
|
|a 20221028d1978 k y0rusy50 ca
|
| 101 |
0 |
|
|a rus
|
| 102 |
|
|
|a RU
|
| 105 |
|
|
|a y z 000zy
|
| 200 |
1 |
|
|a Топливно-энергетический комплекс Сибири (состояние и направления развития)
|e монография
|f Академия наук СССР, Сибирское отделение, Институт экономики и организации промышленного производства
|
| 210 |
|
|
|a Новосибирск
|c Наука
|d 1978
|
| 215 |
|
|
|a 256 с.
|
| 606 |
1 |
|
|a Топливно-энергетический комплекс
|x Экономика
|y Россия
|2 stltpush
|3 (RuTPU)RU\TPU\subj\67995
|9 83556
|
| 610 |
1 |
|
|a Сибирь
|
| 610 |
1 |
|
|a нефтяная промышленность
|
| 610 |
1 |
|
|a газовая промышленность
|
| 610 |
1 |
|
|a нефтеперерабатывающая промышленность
|
| 610 |
1 |
|
|a угольная промышленность
|
| 610 |
1 |
|
|a электроэнергетика
|
| 610 |
1 |
|
|a топливо
|
| 610 |
1 |
|
|a использование
|
| 610 |
1 |
|
|a монографии
|
| 686 |
|
|
|a у9(2)0-554
|v LBC/SL-A
|2 rubbk
|
| 712 |
0 |
2 |
|a Академия наук СССР
|b Сибирское отделение
|b Институт экономики и организации промышленного производства
|c (Новосибирск)
|2 stltpush
|3 (RuTPU)RU\TPU\col\12174
|9 25345
|
| 801 |
|
1 |
|a RU
|b 63413507
|c 20221028
|
| 942 |
|
|
|c BK
|